[Event "Pan American Intercollegiate-chT"]
[Site "Chess.com INT"]
[Date "2021.01.06"]
[Round "8"]
[White "Feng, Roland"]
[Black "Graif, William"]
[Result "1/2-1/2"]
[WhiteElo "2342"]
[BlackElo "2257"]
[PlyCount "78"]
[EventDate "2021.01.04"]
[EventType "team-swiss (rapid)"]
[EventRounds "9"]
[EventCountry "USA"]
[SourceTitle "CBM 200 Extra"]
[Source "ChessBase"]
[SourceDate "2021.03.31"]
[SourceVersion "1"]
[SourceVersionDate "2021.03.31"]
[SourceQuality "1"]
[WhiteTeam "Berkeley California Univ"]
[BlackTeam "Chicago Univ"]
[WhiteTeamCountry "USA"]
[BlackTeamCountry "USA"]

1. d4 Nf6 2. c4 e6 3. Nc3 Bb4 4. Qc2 b6 5. e4 c5 6. d5 Qe7 7. Nge2 exd5 8. exd5 d6 9. Bd2 0-0 10. 0-0-0 Re8 11. f3 Nbd7 12. Ng3 Ne5 13. h3 Ba6 14. b3 Bxc3 15. Bxc3 Qd8 16. Qd2 Rb8 17. a4 Bc8 18. f4 Ng6 19. Bd3 Rb7 20. Rhe1 Rxe1 21. Rxe1 Re7 22. Rf1 Re8 23. Rf2 Kf8 24. Kb2 Qe7 25. Re2 Qd8 26. Rxe8+ Nxe8 27. Bxg6 hxg6 28. Ne4 Qe7 29. Ng5 f6 30. Nf3 Qe4 31. Nh2 Bf5 32. g4 Qb1+ 33. Ka3 Bc2 34. Bb2 Nc7 35. g5 Na6 36. Qc1 Nb4 37. Qxb1 Bxb1 38. Bc3 fxg5 39. fxg5 a5 1/2-1/2

[Event "Pan American Intercollegiate-chT"]
[Site "Chess.com INT"]
[Date "2021.01.06"]
[Round "9"]
[White "Hakobyan, Aram"]
[Black "Feng, Roland"]
[Result "1-0"]
[WhiteElo "2598"]
[BlackElo "2342"]
[PlyCount "87"]
[EventDate "2021.01.04"]
[EventType "team-swiss (rapid)"]
[EventRounds "9"]
[EventCountry "USA"]
[SourceTitle "CBM 200 Extra"]
[Source "ChessBase"]
[SourceDate "2021.03.31"]
[SourceVersion "1"]
[SourceVersionDate "2021.03.31"]
[SourceQuality "1"]
[WhiteTeam "Webster Univ"]
[BlackTeam "Berkeley California Univ"]
[WhiteTeamCountry "USA"]
[BlackTeamCountry "USA"]

1. c4 e5 2. b3 Nc6 3. Bb2 Bc5 4. e3 Nf6 5. a3 a5 6. Qc2 d6 7. Nc3 0-0 8. Bd3 Ne7 9. Nge2 c6 10. Ng3 Ba7 11. Nce2 h6 12. f4 Nd7 13. 0-0 Rb8 14. b4 exf4 15. Nxf4 Ne5 16. Be2 Bg4 17. Bxg4 Nxg4 18. c5 Qd7 19. h3 Ne5 20. Ne4 N7g6 21. Nh5 Qe6 22. Nxd6 Rbd8 23. Nf5 Bb8 24. Nhxg7 Qd5 25. d4 Qc4 26. Qxc4 Nxc4 27. Bc3 axb4 28. axb4 Nxe3 29. Nxe3 Kxg7 30. d5+ Be5 31. Nf5+ Kh7 32. Bxe5 Nxe5 33. d6 Rg8 34. Rae1 f6 35. Nd4 Rg6 36. Re2 Kg8 37. Nf5 Kf7 38. Nxh6+ Ke6 39. Ng4 Ra8 40. Rxf6+ Rxf6 41. Rxe5+ Kf7 42. Re7+ Kg6 43. Nxf6 Kxf6 44. Rxb7 1-0

[Event "Pan American Intercollegiate-chT"]
[Site "Chess.com INT"]
[Date "2021.01.05"]
[Round "4"]
[White "Feng, Roland"]
[Black "Arribas Lopez, Angel"]
[Result "1-0"]
[WhiteElo "2342"]
[BlackElo "2436"]
[PlyCount "67"]
[EventDate "2021.01.04"]
[EventType "team-swiss (rapid)"]
[EventRounds "9"]
[EventCountry "USA"]
[SourceTitle "CBM 200 Extra"]
[Source "ChessBase"]
[SourceDate "2021.03.31"]
[SourceVersion "1"]
[SourceVersionDate "2021.03.31"]
[SourceQuality "1"]
[WhiteTeam "Berkeley California Univ"]
[BlackTeam "Texas Dallas Univ III"]
[WhiteTeamCountry "USA"]
[BlackTeamCountry "USA"]

1. d4 g6 2. c4 Bg7 3. Nf3 d6 4. Nc3 Nf6 5. Bg5 h6 6. Bh4 g5 7. Bg3 Nh5 8. e3 Nc6 9. Bd3 e6 10. Nd2 Nxg3 11. hxg3 Qe7 12. Qb3 Bd7 13. 0-0-0 0-0-0 14. f4 g4 15. Kb1 h5 16. Rhe1 h4 17. d5 Nb8 18. Be4 e5 19. c5 f5 20. c6 bxc6 21. dxc6 Nxc6 22. Bd5 Rdf8 23. Rc1 Nd8 24. Qa3 Kb8 25. Qb4+ Kc8 26. Qa5 Kb8 27. Nb5 Bxb5 28. Qxb5+ Kc8 29. Qa6+ Kd7 30. Rxc7+ Kxc7 31. Rc1+ Kd7 32. Qa4+ Nc6 33. Qxc6+ Kd8 34. Qc8# 1-0

[Event "PRO League Stage"]
[Site "Chess.com INT"]
[Date "2019.01.16"]
[Round "2"]
[White "Xiong, Jeffery"]
[Black "Feng, Roland"]
[Result "1-0"]
[WhiteElo "2672"]
[BlackElo "2334"]
[PlyCount "83"]
[EventDate "2019.01.08"]
[EventType "team-swiss (rapid)"]
[EventRounds "10"]
[EventCountry "USA"]
[SourceTitle "CBM 188 Extra"]
[Source "ChessBase"]
[SourceDate "2019.02.26"]
[SourceVersion "1"]
[SourceVersionDate "2019.02.26"]
[SourceQuality "1"]
[WhiteTeam "Dallas Destiny"]
[BlackTeam "Seattle Sluggers"]
[WhiteTeamCountry "USA"]
[BlackTeamCountry "USA"]

1. e4 e6 2. d4 d5 3. exd5 exd5 4. Nf3 Nf6 5. Bd3 Be7 6. 0-0 0-0 7. Re1 Bg4 8. Bg5 Nbd7 9. Nbd2 c6 10. c3 Bd6 11. Qc2 Qc7 12. h3 Bh5 13. Nh4 Rfe8 14. Nf5 Bh2+ 15. Kf1 Bf4 16. Bxf4 Qxf4 17. g3 Qc7 18. Kg2 Nf8 19. Nf3 Bxf3+ 20. Kxf3 g6 21. Nh4 Ne6 22. Kg2 Ng5 23. Qd2 Nge4 24. Qh6 Re7 25. Re2 Rae8 26. Rae1 Kh8 27. Nf3 Ng8 28. Qh4 f5 29. Ne5 Kg7 30. Qf4 Ngf6 31. g4 Rf8 32. Qh2 Ree8 33. f3 Ng5 34. gxf5 Nh5 35. h4 Nf7 36. Kh1 Nh6 37. fxg6 Nf4 38. gxh7 Nxe2 39. Qg2+ Kf6 40. Qg5+ Ke6 41. Rxe2 Kd6 42. Qxh6+ 1-0

[Event "PRO League Stage"]
[Site "Chess.com INT"]
[Date "2018.02.07"]
[Round "5"]
[White "Feng, Roland"]
[Black "Harmon Vellotti, Luke"]
[Result "1-0"]
[WhiteElo "2358"]
[BlackElo "2468"]
[PlyCount "101"]
[EventDate "2018.01.18"]
[EventType "team-swiss (rapid)"]
[EventRounds "9"]
[EventCountry "USA"]
[SourceTitle "CBM 182 Extra"]
[Source "ChessBase"]
[SourceDate "2018.02.23"]
[SourceVersion "1"]
[SourceVersionDate "2018.02.23"]
[SourceQuality "1"]
[WhiteTeam "Seattle Sluggers"]
[BlackTeam "Dallas Destiny"]
[WhiteTeamCountry "USA"]
[BlackTeamCountry "USA"]

1. d4 Nf6 2. c4 e6 3. Nc3 Bb4 4. Qc2 0-0 5. a3 Bxc3+ 6. Qxc3 b6 7. Nf3 Bb7 8. e3 d6 9. b4 Nbd7 10. Bb2 Ne4 11. Qc2 f5 12. Be2 Qe8 13. 0-0 Qg6 14. d5 e5 15. Ne1 Nef6 16. f4 exf4 17. Rxf4 Rae8 18. Bd4 Ne4 19. Nf3 c5 20. bxc5 dxc5 21. Bb2 Nd6 22. Nh4 Qg5 23. Raf1 g6 24. Qc3 Qf6 25. Qc2 Qe7 26. R1f3 Ne4 27. Bd3 Ne5 28. Bxe4 Nxf3+ 29. Nxf3 Rf6 30. Bxf6 Qxf6 31. Bxf5 gxf5 32. Rxf5 Qa1+ 33. Kf2 Bc8 34. Rg5+ Kh8 35. e4 Rf8 36. Qd3 Qf6 37. Rg3 Qb2+ 38. Qe2 Qd4+ 39. Qe3 Qb2+ 40. Kg1 b5 41. h4 bxc4 42. Nd2 Ba6 43. e5 Qa1+ 44. Kh2 c3 45. Qxc3 Qxc3 46. Rxc3 Rf5 47. Nf3 Kg7 48. Rxc5 Be2 49. d6 Kf7 50. Rc7+ Ke8 51. Rxa7 1-0

[Event "PRO League Stage"]
[Site "Chess.com INT"]
[Date "2018.01.31"]
[Round "3"]
[White "Feng, Roland"]
[Black "Dreev, Alexey"]
[Result "0-1"]
[WhiteElo "2358"]
[BlackElo "2653"]
[PlyCount "92"]
[EventDate "2018.01.18"]
[EventType "team-swiss (rapid)"]
[EventRounds "9"]
[EventCountry "USA"]
[SourceTitle "CBM 182 Extra"]
[Source "ChessBase"]
[SourceDate "2018.02.23"]
[SourceVersion "1"]
[SourceVersionDate "2018.02.23"]
[SourceQuality "1"]
[WhiteTeam "Seattle Sluggers"]
[BlackTeam "San Diego Surfers"]
[WhiteTeamCountry "USA"]
[BlackTeamCountry "USA"]

1. d4 d5 2. c4 c6 3. cxd5 cxd5 4. Nf3 Nf6 5. Nc3 Nc6 6. Bf4 e6 7. e3 Bd6 8. Bg3 Bxg3 9. hxg3 Qd6 10. a3 Bd7 11. Bd3 h6 12. Rc1 0-0 13. b4 Rac8 14. 0-0 e5 15. Nb5 Qe7 16. dxe5 Nxe5 17. Nxe5 Qxe5 18. Nd4 Ng4 19. Rxc8 Rxc8 20. Be2 Nf6 21. Qa1 Qc7 22. Bf3 Qc3 23. Ne2 Qxa1 24. Rxa1 Kf8 25. Rc1 Rxc1+ 26. Nxc1 Ke7 27. Nb3 Kd6 28. Kf1 Ne4 29. Bxe4 dxe4 30. Nc5 Bc6 31. Ke2 Kd5 32. Nb3 Bb5+ 33. Ke1 b6 34. Nd4 Bd7 35. Kd2 Kc4 36. Kc2 g5 37. Kd2 h5 38. Kc2 a5 39. bxa5 bxa5 40. Kd2 f5 41. Kc2 f4 42. Kd2 a4 43. Kc2 h4 44. Kd2 f3 45. gxf3 h3 46. fxe4 h2 0-1

[Event "PRO League Stage"]
[Site "Chess.com INT"]
[Date "2018.01.18"]
[Round "1"]
[White "Feng, Roland"]
[Black "Smirnov, Anton"]
[Result "0-1"]
[WhiteElo "2358"]
[BlackElo "2527"]
[PlyCount "208"]
[EventDate "2018.01.18"]
[EventType "team-swiss (rapid)"]
[EventRounds "9"]
[EventCountry "USA"]
[SourceTitle "CBM 182 Extra"]
[Source "ChessBase"]
[SourceDate "2018.02.23"]
[SourceVersion "1"]
[SourceVersionDate "2018.02.23"]
[SourceQuality "1"]
[WhiteTeam "Seattle Sluggers"]
[BlackTeam "Australia Kangaroos"]
[WhiteTeamCountry "USA"]
[BlackTeamCountry "AUS"]

1. d4 d5 2. c4 e6 3. Nc3 Nf6 4. cxd5 exd5 5. Bg5 c6 6. e3 Be7 7. Bd3 Nbd7 8. Qc2 Nf8 9. Nge2 Ne6 10. Bh4 g6 11. f3 0-0 12. 0-0 b6 13. Rad1 Bb7 14. Kh1 Nh5 15. Bf2 Rc8 16. Ng3 Nxg3+ 17. Bxg3 c5 18. dxc5 Bxc5 19. Qd2 d4 20. exd4 Bxd4 21. Ne4 Bxe4 22. Bxe4 Qf6 23. b3 Rfd8 24. Qe2 h5 25. Bb7 Rc3 26. h3 Re3 27. Qd2 Bc5 28. Bd5 a5 29. Rfe1 Qg5 30. Rxe3 Bxe3 31. Qe1 Rxd5 32. Rxd5 Qxd5 33. Qxe3 Qc6 34. Be5 Kf8 35. Bf6 Ke8 36. Bd4 b5 37. Bc3 a4 38. bxa4 bxa4 39. Be5 Qc5 40. Qe4 Qb5 41. a3 Kd7 42. h4 Qc6 43. Qd3+ Kc8 44. Kh2 Nf8 45. Bg3 Nd7 46. Qd4 Kb7 47. Qb4+ Ka6 48. Qf4 f5 49. Qd4 Nb6 50. Bf4 Nc4 51. Qd3 Kb7 52. Kg3 Nb6 53. Qd4 Nd5 54. Be5 Kc8 55. Kh2 Kd7 56. Bg3 Kc8 57. Be5 Kb7 58. Bg3 Ka6 59. Be5 Kb5 60. Qb2+ Ka6 61. Qd4 Nb6 62. Bf4 Nc4 63. Qd3 Kb7 64. Kh3 Na5 65. Qb1+ Nb3 66. Qd3 Nc5 67. Qc4 Ne6 68. Qb4+ Ka6 69. Be5 Nd8 70. Bc3 Nb7 71. Bd2 Ka7 72. Be3+ Ka6 73. Bd2 Nd6 74. Qa5+ Kb7 75. Be3 Kc8 76. Qe5 Nc4 77. Qh8+ Kb7 78. Qc3 Nxe3 79. Qxe3 Qd6 80. g3 Kc6 81. f4 Kb5 82. Qe2+ Kc5 83. Qc2+ Kb6 84. Qf2+ Qc5 85. Qb2+ Ka5 86. Qd2+ Kb5 87. Qb2+ Ka5 88. Qd2+ Ka6 89. Qe2+ Ka7 90. Kh2 Qxa3 91. Qb5 Qa2+ 92. Kh3 Qb3 93. Qd7+ Kb6 94. Qd6+ Kb5 95. Qxg6 Qd5 96. Qe8+ Kb4 97. Qb8+ Kc3 98. Qc7+ Kd3 99. Kh2 a3 100. Qa7 a2 101. Qa3+ Kc2 102. Qa4+ Qb3 103. Qc6+ Kb1 104. Qh1+ Kb2 0-1

[Event "PRO League Stage"]
[Site "Chess.com INT"]
[Date "2018.01.18"]
[Round "1"]
[White "Kuybokarov, Temur"]
[Black "Feng, Roland"]
[Result "1/2-1/2"]
[WhiteElo "2472"]
[BlackElo "2358"]
[PlyCount "58"]
[EventDate "2018.01.18"]
[EventType "team-swiss (rapid)"]
[EventRounds "9"]
[EventCountry "USA"]
[SourceTitle "CBM 182 Extra"]
[Source "ChessBase"]
[SourceDate "2018.02.23"]
[SourceVersion "1"]
[SourceVersionDate "2018.02.23"]
[SourceQuality "1"]
[WhiteTeam "Australia Kangaroos"]
[BlackTeam "Seattle Sluggers"]
[WhiteTeamCountry "AUS"]
[BlackTeamCountry "USA"]

1. e4 e6 2. d4 d5 3. Nc3 Nf6 4. e5 Nfd7 5. f4 c5 6. Nf3 Nc6 7. Be3 a6 8. Be2 cxd4 9. Nxd4 Nxd4 10. Bxd4 Bc5 11. Bxc5 Nxc5 12. Qd4 Qc7 13. 0-0-0 0-0 14. f5 Nd7 15. fxe6 fxe6 16. Rhf1 Rxf1 17. Rxf1 Qxe5 18. Qb4 Nf6 19. Bd3 Bd7 20. Qxb7 Rb8 21. Qxa6 Qxh2 22. a4 Qc7 23. Nb5 Qc5 24. Qa5 e5 25. Qc3 Qe3+ 26. Qd2 Qc5 27. Qc3 Qe3+ 28. Qd2 Qc5 29. Qc3 Qe3+ 1/2-1/2

[Event "Seattle Classic op"]
[Site "Seattle"]
[Date "2017.08.19"]
[Round "7"]
[White "Feng, Roland"]
[Black "He, Samuel Fei"]
[Result "1-0"]
[WhiteElo "2369"]
[BlackElo "2154"]
[PlyCount "93"]
[EventDate "2017.08.16"]
[EventType "swiss"]
[EventRounds "9"]
[EventCountry "USA"]
[SourceTitle "EXT 2023"]
[Source "ChessBase"]
[SourceDate "2022.10.05"]
[SourceVersion "1"]
[SourceVersionDate "2022.10.05"]
[SourceQuality "1"]

1. d4 d5 2. c4 dxc4 3. e3 e5 4. Bxc4 exd4 5. Nf3 Bb4+ 6. Bd2 Bxd2+ 7. Qxd2 Nf6 8. exd4 0-0 9. 0-0 Qd6 10. Nc3 a6 11. Rfe1 Bf5 12. Qg5 Bg6 13. Ne5 Nc6 14. Nxc6 Qxc6 15. Bb3 Rad8 16. Rad1 Rfe8 17. Re5 Nd7 18. Re3 Nf6 19. Nd5 Nxd5 20. Bxd5 Qb6 21. Rde1 Kf8 22. Bxb7 Qxd4 23. Rxe8+ Rxe8 24. Rxe8+ Kxe8 25. Bxa6 f6 26. Qe3+ Qxe3 27. fxe3 c5 28. Bc4 Be4 29. Kf2 Ke7 30. g3 f5 31. Ke2 Kd6 32. Bd3 Bd5 33. Bxf5 Bxa2 34. Bxh7 Ke5 35. Bg6 Kf6 36. Bc2 Bc4+ 37. Bd3 Bb3 38. e4 c4 39. Bb1 Ke5 40. h4 Kd4 41. Kf3 Ke5 42. Ke3 g6 43. Kd2 Ba4 44. Kc3 Bb5 45. Kb4 Ba6 46. Kc5 Ke6 47. Ba2 1-0

[Event "Washington State-ch"]
[Site "Redmond"]
[Date "2017.02.18"]
[Round "6"]
[White "He, Anthony B"]
[Black "Feng, Roland"]
[Result "0-1"]
[WhiteElo "2159"]
[BlackElo "2316"]
[PlyCount "146"]
[EventDate "2017.02.11"]
[EventType "tourn"]
[EventRounds "9"]
[EventCountry "USA"]
[EventCategory "1"]
[SourceTitle "EXT 2023"]
[Source "ChessBase"]
[SourceDate "2022.10.05"]
[SourceVersion "1"]
[SourceVersionDate "2022.10.05"]
[SourceQuality "1"]

1. e4 e6 2. d4 d5 3. Nd2 c5 4. Ngf3 Nf6 5. exd5 exd5 6. Be2 Nc6 7. 0-0 Be7 8. dxc5 Bxc5 9. Nb3 Bb6 10. Bg5 0-0 11. c3 Re8 12. Nbd4 h6 13. Bh4 g5 14. Bg3 Ne4 15. Bb5 Qf6 16. Qd3 a6 17. Ba4 Bd7 18. Bb3 g4 19. Bh4 Qg6 20. Nd2 Nxd4 21. Bxd5 Bb5 22. c4 Bc6 23. Nxe4 Rxe4 24. Qxe4 Qxe4 25. Bxe4 Bxe4 26. Rad1 Ne2+ 27. Kh1 Nf4 28. Rg1 Ng6 29. Bg3 h5 30. Rge1 Bc6 31. Kg1 Ba5 32. Re3 Bd8 33. Red3 Bg5 34. Re1 f6 35. b3 Kf7 36. Kf1 Nf4 37. Bxf4 Bxf4 38. h3 gxh3 39. Rxh3 Kg6 40. Rd3 Be5 41. Red1 Rh8 42. Rd8 Rh7 43. R1d3 Kf7 44. Rh3 Rg7 45. g3 Bf3 46. Rd3 Bg4 47. Rh2 Ke6 48. Re3 Kd6 49. f3 Bf5 50. Rxh5 Bg6 51. Rh3 Bb1 52. f4 Bd4 53. Re1 Bd3+ 54. Kg2 f5 55. Rd1 Be4+ 56. Kh2 Kc5 57. Rh8 Bf2 58. Rh3 Kb4 59. Rd2 Be3 60. Re2 Bc5 61. Rh4 Rd7 62. g4 Bf3 63. Re5 fxg4 64. Rxg4 Bxg4 65. a3+ Kxa3 66. Rxc5 Kxb3 67. Kg3 Rg7 68. Kf2 Be6 69. Ke3 Bxc4 70. f5 b5 71. Kd4 a5 72. f6 Ra7 73. Ke5 a4 0-1

[Event "PRO League Stage"]
[Site "Chess.com INT"]
[Date "2017.02.15"]
[Round "6"]
[White "Feng, Roland"]
[Black "Vazquez, Guillermo"]
[Result "0-1"]
[WhiteElo "2338"]
[BlackElo "2437"]
[PlyCount "70"]
[EventDate "2017.01.11"]
[EventType "team-swiss (rapid)"]
[EventRounds "7"]
[EventCountry "USA"]
[SourceTitle "CBM 176 Extra"]
[Source "ChessBase"]
[SourceDate "2017.03.02"]
[SourceVersion "1"]
[SourceVersionDate "2017.03.02"]
[SourceQuality "1"]
[WhiteTeam "Seattle Sluggers"]
[BlackTeam "Rio Grande Ospreys"]
[WhiteTeamCountry "USA"]
[BlackTeamCountry "USA"]

1. d4 Nf6 2. c4 e6 3. Nf3 d5 4. Nc3 dxc4 5. e3 a6 6. Bxc4 b5 7. Be2 Bb7 8. 0-0 Nbd7 9. Qc2 c5 10. dxc5 Bxc5 11. a3 Rc8 12. b4 Bd6 13. Bb2 0-0 14. h3 Ne5 15. Nd4 Nc4 16. Rad1 Qb6 17. Bc1 Bb8 18. Qb3 Qc7 19. g3 Nxa3 20. Bxa3 Qxc3 21. Qa2 Qc7 22. Bb2 Ne4 23. Rc1 Qd6 24. Rxc8 Rxc8 25. Bf3 Bd5 26. Qa1 Nxg3 27. Rc1 Bc4 28. Bg2 e5 29. fxg3 exd4 30. Bxd4 Qxg3 31. Qxa6 Qh2+ 32. Kf2 Bg3+ 33. Kf3 Be2+ 34. Kxe2 Qxg2+ 35. Kd3 Rxc1 0-1

[Event "Washington State-ch"]
[Site "Redmond"]
[Date "2017.02.12"]
[Round "4"]
[White "Feng, Roland"]
[Black "Sang, Tian"]
[Result "1-0"]
[WhiteElo "2316"]
[BlackElo "2285"]
[PlyCount "79"]
[EventDate "2017.02.11"]
[EventType "tourn"]
[EventRounds "9"]
[EventCountry "USA"]
[EventCategory "1"]
[SourceTitle "EXT 2023"]
[Source "ChessBase"]
[SourceDate "2022.10.05"]
[SourceVersion "1"]
[SourceVersionDate "2022.10.05"]
[SourceQuality "1"]

1. d4 Nf6 2. c4 e6 3. Nf3 Bb4+ 4. Nbd2 0-0 5. a3 Bxd2+ 6. Qxd2 d6 7. e3 Qe7 8. b4 Nbd7 9. Bb2 Ne4 10. Qc2 f5 11. Bd3 Ndf6 12. Nd2 Nxd2 13. Qxd2 Bd7 14. 0-0 Rae8 15. Rae1 Kh8 16. Qc2 Qf7 17. f3 Qh5 18. b5 e5 19. dxe5 dxe5 20. f4 e4 21. Be2 Qf7 22. Rd1 Be6 23. h3 Nd7 24. Bd4 c5 25. bxc6 bxc6 26. Rc1 c5 27. Ba1 Rb8 28. Rf2 Nf6 29. Bf1 Qb7 30. Be5 Rbd8 31. Qc3 Qa6 32. Rb2 Rf7 33. Rb5 Nd7 34. Rd1 Rc8 35. Rd6 Rc6 36. Rb8+ Nf8 37. Bxg7+ Kg8 38. Bxf8 Rxf8 39. Rxf8+ Kxf8 40. Qf6+ 1-0

[Event "PRO League Pacific"]
[Site "Chess.com INT"]
[Date "2017.01.25"]
[Round "3"]
[White "Holt, Conrad"]
[Black "Feng, Roland"]
[Result "1-0"]
[WhiteElo "2567"]
[BlackElo "2338"]
[PlyCount "97"]
[EventDate "2017.01.11"]
[EventType "team-swiss (rapid)"]
[EventRounds "7"]
[EventCountry "USA"]
[SourceTitle "CBM 176 Extra"]
[Source "ChessBase"]
[SourceDate "2017.03.02"]
[SourceVersion "1"]
[SourceVersionDate "2017.03.02"]
[SourceQuality "1"]
[WhiteTeam "Dallas Destiny"]
[BlackTeam "Seattle Sluggers"]
[WhiteTeamCountry "USA"]
[BlackTeamCountry "USA"]

1. d4 Nf6 2. c4 e6 3. Nc3 Bb4 4. Qc2 0-0 5. a3 Bxc3+ 6. Qxc3 Qe8 7. f3 d6 8. Bg5 Nfd7 9. e3 b6 10. Bd3 Bb7 11. Ne2 e5 12. 0-0 h6 13. Bh4 Nc6 14. Rae1 f5 15. d5 Ne7 16. f4 Ng6 17. Bg3 e4 18. Bc2 a5 19. b4 axb4 20. axb4 Qf7 21. Rb1 b5 22. cxb5 Nb6 23. Rfd1 Kh7 24. Be1 Bxd5 25. Qd4 Bc4 26. Nc3 Ne7 27. Bh4 Ned5 28. Nxd5 Bxd5 29. Rd2 Ra2 30. Rc1 Be6 31. g4 Nc4 32. Rg2 Ra3 33. Rg3 d5 34. g5 g6 35. gxh6 Nd6 36. Bd1 Nxb5 37. Qc5 Bd7 38. Kh1 Rg8 39. Be2 c6 40. Rg2 Qf8 41. Be7 Qf7 42. h4 Re8 43. Bg5 Qf8 44. Bxb5 cxb5 45. Qxd5 Ra7 46. h5 Be6 47. hxg6+ Kxg6 48. Qd4 Kh7 49. Qxa7+ 1-0

[Event "Washington State-ch"]
[Site "Redmond"]
[Date "2016.02.14"]
[Round "8"]
[White "Feng, Roland"]
[Black "Kaufman, Raymond"]
[Result "1-0"]
[WhiteElo "2327"]
[BlackElo "2315"]
[PlyCount "77"]
[EventDate "2016.02.06"]
[EventType "tourn"]
[EventRounds "9"]
[EventCountry "USA"]
[SourceTitle "EXT 2018"]
[Source "ChessBase"]
[SourceDate "2017.10.13"]
[SourceVersion "1"]
[SourceVersionDate "2017.10.13"]
[SourceQuality "1"]

1. d4 d5 2. c4 e6 3. Nc3 Be7 4. cxd5 exd5 5. Bf4 Nf6 6. e3 0-0 7. Bd3 b6 8. Nge2 c5 9. 0-0 Ba6 10. Bxa6 Nxa6 11. Qa4 Nb4 12. dxc5 bxc5 13. Rad1 c4 14. Nc1 Qb6 15. a3 Nd3 16. Nxd3 cxd3 17. Qb5 Qxb5 18. Nxb5 Rfc8 19. Rxd3 Rc2 20. b4 a5 21. Nd4 Rc4 22. b5 Ne4 23. Nc6 Bc5 24. Ne5 Rc3 25. Rxc3 Nxc3 26. Nd7 Ne2+ 27. Kh1 Nxf4 28. Nxc5 Ne6 29. Nxe6 fxe6 30. Rc1 a4 31. b6 Rb8 32. Rc6 Kf7 33. Rc7+ Kf6 34. b7 h5 35. h4 g5 36. hxg5+ Kxg5 37. Kg1 Kf5 38. Kf1 Ke5 39. Rd7 1-0

[Event "Washington State-ch"]
[Site "Redmond"]
[Date "2016.02.13"]
[Round "5"]
[White "Feng, Roland"]
[Black "Zhang, Derek"]
[Result "1-0"]
[WhiteElo "2327"]
[BlackElo "2045"]
[PlyCount "69"]
[EventDate "2016.02.06"]
[EventType "tourn"]
[EventRounds "9"]
[EventCountry "USA"]
[SourceTitle "EXT 2018"]
[Source "ChessBase"]
[SourceDate "2017.10.13"]
[SourceVersion "1"]
[SourceVersionDate "2017.10.13"]
[SourceQuality "1"]

1. d4 e6 2. c4 f5 3. Nc3 Nf6 4. f3 Bb4 5. Qc2 0-0 6. a3 Bxc3+ 7. Qxc3 d6 8. e3 Nbd7 9. Bd3 Qe8 10. Nh3 b6 11. 0-0 Bb7 12. b3 Nh5 13. Bb2 Qg6 14. Nf4 Nxf4 15. exf4 Qh6 16. Rae1 Rae8 17. Bc1 Qf6 18. Bb2 Re7 19. Re3 g5 20. fxg5 Qxg5 21. Re2 f4 22. Qe1 Rfe8 23. Qf2 e5 24. Rfe1 c5 25. h4 Qh6 26. dxe5 Nxe5 27. Bf5 Qf6 28. Be4 Bc8 29. Bd5+ Kf8 30. Re4 Qf5 31. Qd2 Ng6 32. g4 Rxe4 33. Rxe4 Qd7 34. Rxf4+ Nxf4 35. Qxf4+ 1-0

[Event "Washington State-ch"]
[Site "Redmond"]
[Date "2016.02.07"]
[Round "4"]
[White "Raptis, Nick"]
[Black "Feng, Roland"]
[Result "0-1"]
[WhiteElo "2240"]
[BlackElo "2327"]
[PlyCount "98"]
[EventDate "2016.02.06"]
[EventType "tourn"]
[EventRounds "9"]
[EventCountry "USA"]
[SourceTitle "EXT 2018"]
[Source "ChessBase"]
[SourceDate "2017.10.13"]
[SourceVersion "1"]
[SourceVersionDate "2017.10.13"]
[SourceQuality "1"]

1. e4 e6 2. d4 d5 3. Nc3 Nf6 4. e5 Nfd7 5. f4 c5 6. Nf3 Nc6 7. Be3 a6 8. Qd2 cxd4 9. Nxd4 Bc5 10. 0-0-0 0-0 11. h4 Nxd4 12. Bxd4 b5 13. f5 b4 14. Na4 Bxd4 15. Qxd4 Qc7 16. f6 Qxe5 17. fxg7 Re8 18. Qxb4 Rb8 19. Qd2 Nc5 20. Qd4 Qxd4 21. Rxd4 e5 22. Nxc5 exd4 23. Bd3 Re3 24. Nb3 Rb4 25. Kd2 Rg3 26. Rh2 Kxg7 27. a3 Rb6 28. Nxd4 Rxb2 29. Bf5 Be6 30. Nxe6+ fxe6 31. Bxe6 d4 32. Kc1 Rb6 33. Bb3 d3 34. Rh3 Rxh3 35. gxh3 dxc2 36. Kxc2 Rh6 37. Bc4 a5 38. Kb3 Rxh4 39. Be6 Kf6 40. Bg4 h5 41. Bc8 Rf4 42. Bd7 Ke7 43. Bc8 Re4 44. Bb7 Re3+ 45. Ka4 Rxh3 46. Kxa5 Rxa3+ 47. Kb4 Rd3 48. Kc4 Rd2 49. Kc3 Rd6 0-1

[Event "USA tt"]
[Site "ICC INT"]
[Date "2015.10.27"]
[Round "10"]
[White "Feng, Roland"]
[Black "Banawa, Joel Cholo"]
[Result "1-0"]
[WhiteElo "2327"]
[BlackElo "2359"]
[PlyCount "119"]
[EventDate "2015.08.25"]
[EventType "team-swiss"]
[EventRounds "10"]
[EventCountry "USA"]
[SourceTitle "EXT 2017"]
[Source "ChessBase"]
[SourceDate "2016.10.25"]
[SourceVersion "1"]
[SourceVersionDate "2016.10.25"]
[SourceQuality "1"]
[WhiteTeam "Seattle"]
[BlackTeam "Arizona"]
[WhiteTeamCountry "USA"]
[BlackTeamCountry "USA"]

1. d4 Nf6 2. c4 e6 3. Nf3 Bb4+ 4. Nbd2 d5 5. Qa4+ Nc6 6. a3 Bxd2+ 7. Bxd2 Ne4 8. Bf4 0-0 9. e3 Ne7 10. Qc2 c6 11. Bd3 f5 12. h3 Ng6 13. Bh2 Ng5 14. Ne5 Nxe5 15. Bxe5 Nf7 16. Bh2 Qf6 17. 0-0 a6 18. Rad1 h5 19. Qe2 g6 20. Bb1 Bd7 21. f3 Rad8 22. e4 Rfe8 23. e5 Qg7 24. c5 Qh6 25. h4 g5 26. hxg5 Nxg5 27. Qd2 Kf7 28. Bf4 Rg8 29. Kf2 h4 30. Rh1 Rg6 31. Ke3 Rh8 32. Qb4 Bc8 33. Qa5 Qf8 34. Qc7+ Kg8 35. Rh2 Rg7 36. Qa5 Nf7 37. Rdh1 Qe7 38. Qe1 Rhh7 39. Bd3 Nh8 40. Kf2 Ng6 41. Qe3 Rh5 42. Kf1 Bd7 43. Qd2 Qd8 44. Be3 Nh8 45. Qe1 Ng6 46. Qd2 Nh8 47. Bf2 Ng6 48. g4 fxg4 49. fxg4 Rh8 50. Bxg6 Rxg6 51. Bxh4 Qf8+ 52. Bf6 Rxh2 53. Rxh2 Rxf6+ 54. exf6 Qxf6+ 55. Rf2 Qg7 56. Qf4 Be8 57. Qf6 Qxf6 58. Rxf6 Bf7 59. g5 Kg7 60. Kf2 1-0

[Event "Washington op"]
[Site "Lynnwood"]
[Date "2015.05.25"]
[Round "6"]
[White "Feng, Roland"]
[Black "Dixon, Dakota Ellis"]
[Result "1-0"]
[WhiteElo "2322"]
[BlackElo "2054"]
[PlyCount "42"]
[EventDate "2015.05.23"]
[EventType "swiss"]
[EventRounds "6"]
[EventCountry "USA"]
[SourceTitle "EXT 2017"]
[Source "ChessBase"]
[SourceDate "2016.10.25"]
[SourceVersion "1"]
[SourceVersionDate "2016.10.25"]
[SourceQuality "1"]

1. d4 Nf6 2. c4 g6 3. Nc3 Bg7 4. Nf3 0-0 5. Bg5 d6 6. e3 Nbd7 7. Be2 e5 8. Qc2 c6 9. 0-0 h6 10. Bh4 a6 11. dxe5 dxe5 12. Rad1 Qe8 13. Nd2 Nh7 14. Nde4 g5 15. Nd6 Qe6 16. Bg3 f5 17. c5 Kh8 18. Bc4 Qe7 19. Nxf5 Qxc5 20. Ne4 Qa5 21. Ne7 Nhf6 1-0